|
|
แสดงรายละเอียดบรรณานุกรม |
|
|
Brief Record
: Get Marc (ISO 2709)
: E-mail record
: |
| LEADER 00000nama 2200000uu 4500 | |||
| 001 189440 | |||
| 003 ULIBM | |||
| 008 040531s2545 th m m a000 0 tha d | |||
| 041 tha | |||
| 060 0 วจ HM66 ก170ก 2545 | |||
| 100 กรมสุขภาพจิต กระทรวงสาธารณสุข | |||
| 245 รายงานวิจัยเรื่อง การพัฒนาแบบประเมินความฉลาดทางอารมณ์เด็กอาย3-5 ปีและ 6-11 ปี 400 | |||
| 246 EQ | |||
| 260 นนทบุรี องค์การสงเคราะห์ทหารผ่านศึก 2545 | |||
| 300 95 หน้า | |||
| 650 ความฉลาดทางอารมณ์ - การประเมิน | |||
| 998 2003-06-12 | |||
| 999 ^aใช้งานได้ทุกระบบ | |||
| คุณยังไม่ได้ล็อกอิน คุณสามารถมีกิจกรรมร่วมกับเว็บไซต์ได้ แต่ต้องล็อกอินก่อน :: |
|
| สถานะ | |||||||||
| 1. | งานวิจัย | วจ HM66 ก170ก 2545 | On Shelf ขอยืม | ||||||
| 2. | งานวิจัย | วจ HM66 ก170ก 2545 | On Shelf ขอยืม | ||||||
| [แสดง 2/2 รายการ] | |||||||||
| รายการใกล้เคียง ผู้แต่ง [กรมสุขภาพจิต กระทรวงสาธารณสุข] |
BibComment |
| คอมเมนท์ทรัพยากรรายการนี้ |
|
|